000 00350nam a2200145Ia 4500
100 _aShammas/ Namir C
942 _cBK
654 _aMathematics
245 _aC/C++ Mathematical algerithms for Scientist & Engineers
260 _bMc Graw Hill
_aNew york
_c1995
082 _a51940285513
_bSHA
300 _a304
546 _aENGLISH
999 _c26113
_d26113